00909nam 2200253u 4500001000800000005001700008008004100025035002100066906004500087010001700132040001800149050001800167050002300185100005800208245005700266250001800323260006200341300004200403533005600445700006600501985001000567991004600577099003200623866122800000000000000.0901005s1901 mauc 000 0 eng  9(DLC) 01022906 a0bcbccpremunvduencipf19gy-gencatlg a 01022906  aDLCcDLCdDLC10aPR5402 b190100aMicrofilm 75378 PR1 aShelley, Percy Bysshe,d1792-1822. [from old catalog]04aThe complete poetical works of Percy Bysshe Shelley. aCambridge ed. aBoston,aNew York,bHoughton, Mifflin and company,c1901. axliii, 651 p.bfront. (port.)c21 cm. aMicrofilm.bWashington, D.C.,cLibrary of Congress.1 aWoodberry, George Edward,d1855-1930, [from old catalog]eed. gpmosl bc-MicRRhMicrofilm 75378 PRtCopy 1wPREM ashelley-complete-1072278303